Statistics for Top Causes Of Death In The USA

Click here to take the quiz!

General Stats

  • This quiz has been taken 1,225 times
  • The average score is 3 of 10

Answer Stats

HintAnswer% Correct
567,628Cancer
86%
36,909Suicide
57%
118,021Accident
46%
599,413Heart Disease
46%
128,842Stroke
35%
68,705Diabetes
29%
53,692Flu
19%
79,003Alzheimer's
10%
137,353Respiratory
6%
48,935Nephritis
1%

Score Distribution

Percentile by Number Answered

Percent of People with Each Score

Your Score History

You have not taken this quiz